Music Quiz

Random Music or Bands Quiz

Former Bands Quiz Stats

 Plays Quiz Updated Oct 22, 2018

Score 0/20 Timer 05:00
1 Play Today
Former Member Band % Correct
StingThe Police
94.3%
Justin Timberlake'N Sync
88.2%
Ozzy OsbourneBlack Sabbath
88.1%
George MichaelWHAM!
74.7%
Eric ClaptonThe Yardbirds & Cream
74.3%
Robert PlantLed Zeppelin
71.8%
David Lee RothVan Halen
69.8%
Jerry GarciaGrateful Dead
65.8%
Don HenleyEagles
62.4%
Peter GabrielGenesis
60.4%
Former Member Band % Correct
Roger WatersPink Floyd
56.4%
Dave NavarroJane's Addiction
50.3%
Morrissey The Smiths
44.2%
Lionel RichieThe Commodores
43.8%
Michael HutchenceINXS
41.2%
Belinda CarlisleThe Go-Gos
41.1%
Henry RollinsBlack Flag
30%
Layne StaleyAlice in Chains
27.8%
Andy TaylorDuran Duran
21.4%
Paul DiAnnoIron Maiden
10.4%

You're not logged in!

Compare scores with friends on all Sporcle quizzes.
OR
Log In

Sporcle TV

Today on Sporcle TV


Watch our educational content, quiz creation guides, and fun videos on Sporcle TV.

Show Comments

Extras

Top Quizzes Today


Score Distribution

Your Account Isn't Verified!

In order to create a playlist on Sporcle, you need to verify the email address you used during registration. Go to your Sporcle Settings to finish the process.

Report this User

Report this user for behavior that violates our Community Guidelines.

Details: